000 00468nam a2200205Ia 4500
003 OSt
005 20260227112959.0
008 210210b1947 xxu||||| |||| 00| 0 eng d
040 _cAL
041 _aeng
082 _a829/839
100 _aPaul E
_9257049
245 _aNarrow street
260 _aUSA
_bPenguin Books
_c1947
650 _astreet
_9257050
650 _aNarrow
_9257051
690 _aEnglish Fiction
_9257052
906 _a017437
942 _2ddc
_cBK
999 _c137404
_d137404